ნორმალური ფორმატი
MARC ფორმატი
ჩანაწერი Personal Name
ჩანაწერთა რაოდენობა, რომელიც გამოყენებულია: 1
001 - CONTROL NUMBER
- control field: 12265
003 - CONTROL NUMBER IDENTIFIER
- control field: GE_BSU
005 - DATE AND TIME OF LATEST TRANSACTION
- control field: 20210714175335.0
008 - FIXED-LENGTH DATA ELEMENTS
- fixed length control field: 210714|| aca||aabn | a|a d
040 ## - CATALOGING SOURCE
- Original cataloging agency: GE_BSU
- Transcribing agency: GE_BSU
100 ## - HEADING--PERSONAL NAME
- Personal name: ასათიანი, თინათინ
- Relator term: პროექტის მენეჯერი
670 ## - SOURCE DATA FOUND
- Source citation: Work cat.: (GE_BSU)54085: ნელსონი, ბობ 12261, მართვა მარტივად /
